000 00411nam a2200157Ia 4500
001 13406
003 GE_BSU
008 181216s||||||||xx |||||||||||||| ||und||
040 _cGE_BSU
080 _a581.6
245 _aReader's Digest Encyclopaedia of Garden Plants and Flowers
260 _c1971
300 _a800p.ill.27cm.
653 _aReader's Digest Encyclopaedia of Garden Plants and Flowers
942 _cBK
999 _c46567
_d46567